Statistics for 上海8号线地铁站

Click here to take the quiz!

General Stats

  • This quiz has been taken 109 times
  • The average score is 21 of 30

Answer Stats

8号线地铁站% Correct
市光路
90%
沈杜公路
90%
人民广场
89%
老西门
84%
东方体育中心
80%
曲阜路
80%
虹口足球场
79%
大世界
79%
西藏南路
78%
中华艺术宫
74%
四平路
73%
耀华路
71%
黄兴公园
71%
陆家浜路
71%
西藏北路
70%
江浦路
70%
杨思
67%
延吉中路
67%
黄兴路
66%
鞍山新村
66%
嫩江路
65%
浦江镇
63%
翔殷路
61%
曲阳路
60%
成山路
60%
凌兆新村
60%
江月路
60%
中兴路
59%
芦恒路
56%
联航路
54%

Score Distribution

Percentile by Number Answered

Percent of People with Each Score

Your Score History

You have not taken this quiz